Un recodo histórico en la periferia latinoamericana /
Frente a la crítica situación económica que atraviesan la mayoría de los países de América Latina, el autor presenta su interpretación de la misma y los lineamientos de las medidas que deberían tomarse para enfrentarla. De partida reconoce la existencia de serios problemas coyunturales -como la redu...
Uloženo v:
| Hlavní autor: | |
|---|---|
| Médium: | Text |
| Témata: | |
| Tagy: |
Přidat tag
Žádné tagy, Buďte první, kdo vytvoří štítek k tomuto záznamu!
|
MARC
| LEADER | 00000 a a2200000 04500 | ||
|---|---|---|---|
| 001 | 15761 | ||
| 003 | |||
| 040 | |||
| 100 | |a Prebisch, Raúl | ||
| 245 | |a Un recodo histórico en la periferia latinoamericana / |c Raúl Prebisch | ||
| 520 | |a Frente a la crítica situación económica que atraviesan la mayoría de los países de América Latina, el autor presenta su interpretación de la misma y los lineamientos de las medidas que deberían tomarse para enfrentarla. De partida reconoce la existencia de serios problemas coyunturales -como la reducción del ritmo de crecimiento económico, el elevado desempleo, el deterioro de los términos de intercambio, el elevado endeudamiento externo y otros- que requieren la aplicación de una política coyuntural rápida y efectiva, cuyas medidas principales esboza. Pero subraya que detrás de aquellos problemas coyunturales están los profundos y agravados desequilibrios estructurales, y por lo tanto, la política coyuntural no debe ser concebida en forma aislada sino como el punto de partida de una política estructural de desarrollo. REV//jmml | ||
| 650 | |a CONDICIONES ECONOMICAS | ||
| 650 | |a ESTANCAMIENTO ECONOMICO | ||
| 650 | |a CRISIS | ||
| 650 | |a ECONOMIA REGIONAL | ||
| 650 | |a DESARROLLO ECONOMICO Y SOCIAL | ||
| 650 | |a OBSTACULOS AL DESARROLLO | ||
| 773 | |g número 18; páginas 7-23 | ||
| 999 | |c 32886 |d 32886 | ||
| 773 | 0 | |0 18890 |9 6125 |a Comisión Económica para América Latina y el Caribe |d Santiago, Chile: Comisión Económica para América Latina y el Caribe |o MFN: 2127 |t Revista de la CEPAL / | |
